| 000 | 01845nam a2200373 i 4500 | ||
|---|---|---|---|
| 001 | 60729 | ||
| 003 | CO-BoRNBP | ||
| 005 | 20260317165551.0 | ||
| 007 | ta | ||
| 008 | 210817r20222000mx a br 000 f spa d | ||
| 020 | _a9789681662813 | ||
| 040 |
_aCO-BoRNBP _bspa _erda _cCO-BoRNBP |
||
| 041 | 0 | _aspa | |
| 043 | _an-mx--- | ||
| 084 | _aN | ||
| 100 | 1 |
_aHinojosa, Francisco, _d1954- , _eaut _9768 |
|
| 245 | 1 | 0 |
_aBuscalacranes / _cFrancisco Hinojosa ; ilustraciones de Rafael Barajas El Fisgón. |
| 250 |
_aPrimera edición. _bDécimo tercera reimpresión |
||
| 264 | 1 |
_aMéxico : _bEditorial Fondo de Cultura Económica, _c2000, _c2022. |
|
| 300 |
_a90 páginas : _bilustraciones en blanco y negro ; _c19 cm. |
||
| 336 |
_atexto _btxt _2rdacontent |
||
| 337 |
_asin mediación _bn _2rdamedia |
||
| 338 |
_avolumen _bnc _2rdacarrier |
||
| 490 | 0 |
_aA la orilla del viento _aPara los que leen bien _v140 |
|
| 500 | _aEl material de la dotación PNLB 2022, corresponde a la décimo tercera reimpresión de 2022, de la primera edición de 2000. | ||
| 520 | 1 | _a¡Urgente! Se solicitan buscalacranes. Experiencia mínima, indispensable que pesen más de cuarenta kilos. Leidi, Juliana y Sancho no reunían ninguna de las condiciones, pero eran los mejores cazabichos, por lo que respondieron al anuncio para ayudar al doctor Östengruff en la búsqueda de un contraveneno para la bampacrisis, y así evitar que hiciera ¡bamp!… y se esfumara. (Tomado de la fuente). | |
| 521 | 1 | _aRecomendado para un público infantil mayor de 8 años. | |
| 650 | 1 | 7 |
_aNovela infantil Mexicana _ySiglo XX _2rnbp _963690 |
| 650 | 1 | 7 |
_aLiteratura infantil mexicana _2rnbp _92461 |
| 650 | 1 | 7 |
_aAnimales en la literatura _2rnbp _9853 |
| 650 | 1 | 7 |
_aHistorias de aventuras _2lemb _9870 |
| 700 | 1 |
_aBarajas Durán, Rafael, _d1956- , _eill _969483 |
|
| 942 |
_2loc _cBKLITI _n0 |
||
| 999 |
_c60729 _d60729 |
||